फ़सगत (Record no. 489051)

MARC details
000 -LEADER
fixed length control field 00453nam a22001697a 4500
003 - CONTROL NUMBER IDENTIFIER
control field OSt
005 - DATE AND TIME OF LATEST TRANSACTION
control field 20120302145137.0
008 - FIXED-LENGTH DATA ELEMENTS--GENERAL INFORMATION
fixed length control field 090422t xxu||||| |||| 00| 0 eng d
035 ## - SYSTEM CONTROL NUMBER
System control number ३०६२
040 ## - CATALOGING SOURCE
Transcribing agency मराठी
100 ## - MAIN ENTRY--PERSONAL NAME
Personal name भावे, अपर्णा
9 (RLIN) 3889
245 ## - TITLE STATEMENT
Title फ़सगत
250 ## - EDITION STATEMENT
Edition statement १ ली
260 ## - PUBLICATION, DISTRIBUTION, ETC. (IMPRINT)
Place of publication, distribution, etc पुणे
Name of publisher, distributor, etc तरवडे
Date of publication, distribution, etc १९७८
300 ## - PHYSICAL DESCRIPTION
Other physical details ६५ पाने
942 ## - ADDED ENTRY ELEMENTS (KOHA)
Source of classification or shelving scheme Dewey Decimal Classification
Koha item type Book
Holdings
Withdrawn status Lost status Source of classification or shelving scheme Damaged status Not for loan Home library Current library Date acquired Cost, normal purchase price Total Checkouts Barcode Date last seen Price effective from
    Dewey Decimal Classification     Dr. Bedekar Vidya Mandir Library Dr. Bedekar Vidya Mandir Library 04/22/2009 0.00   ३०६२ 03/19/2010 03/19/2010